00468nam a2200193 a 4500001001300000003000900013005001700022008004100039020001000080082001300090100001900103245001800122260003700140300000900177500003500186505001000221650002400231700001900255nice12345678IN_TiNIC20260116012033.0050524s1934 lona grp 000 0 eng  ac10000a225bMOF aMoffatt, James aNew Testament aLondonbHodder & Stoughtonc1934 a388p aincludes index and biblioraphy2 aIndex aBible-New Testament1 aMoffatt, James